000
00231nam a22000857a 4500
008
160804b xxu||||| |||| 00| 0 eng d
100
_9
19
_a
Egmont
245
_a
The Seven Crystal Balls
_b
Tin Tin
260
_a
USA
_b
Macmillan Publication
_c
2009
999
_c
2669
_d
2669